States with the Most O'Charley's Locations Quiz - Statistics

General Stats
  • This quiz has been taken 19 times
  • The average score is 7 of 10
Answer Stats
# State % Correct
12 Ohio
88%
6 Georgia
81%
5 Alabama
75%
4 Indiana
75%
2 North Carolina
75%
3 Virginia
75%
4 South Carolina
69%
9 Kentucky
63%
16 Tennessee
63%
2 Mississippi
56%
No matching quizzes found
Score Distribution
Percent of People with Each Score
Percentile by Number Answered
Your Score History
You have not taken this quiz